| 000 | 00494nam a2200181Ia 4500 | ||
|---|---|---|---|
| 999 |
_c29116 _d29116 |
||
| 003 | OSt | ||
| 005 | 20201127134505.0 | ||
| 008 | 190216s9999||||xx |||||||||||||| ||und|| | ||
| 020 | _a9788124012635 | ||
| 040 | _coclc | ||
| 082 |
_a894.8123 _bRAT/A |
||
| 100 |
_aRatnamma, M D _96997 |
||
| 245 | 0 |
_aAranyavasam / _cM D Ratnamma |
|
| 260 |
_bCurrent Books, _aKottayam: _c2003. |
||
| 300 | _a175p | ||
| 650 | _aNovel | ||
| 942 |
_cBK _2ddc _h894.8123 _iRAT/A _k894.8123 _mRAT/A |
||